000
00275nam a2200109Ia 4500
008
190914s9999||||xx |||||||||||||| ||und||
100
_a
Peyvandi Nancy
245
0
_a
Managerial Accounting Using Excel
260
_a
New Delhi
_b
Bantam Books
_c
2005
300
_a
730
942
_c
BK
999
_c
9245
_d
9245